Municipio y medio ambiente: (Registro nro. 460)

Detalles MARC
000 -CABECERA
Campo de control 00730nam a2200241 a 4500
005 - FECHA Y HORA DE LA ULTIMA TRANSACCION
Campo de control 20200104041511.0
008 - ELEMENTOS DE LONGITUD FIJA—INFORMACION GENERAL
Campo de control 140220b1987 ck ||||| |||| 00| 0 spa d
020 ## - ISBN
ISBN 9589061389
040 ## - FUENTE DE CATALOGACIÓN
Agencia catalogadora original CO-BoIAVH
Agencia transcriptora CO-BoIAVH
041 ## - IDIOMA
Código de idioma para texto/pista de sonido o título separado Español
044 ## - PAÍS DE PUBLICACIÓN
País de publicación Colombia
082 ## - NUMERO DE CLASIFICACION DECIMAL DEWEY
Número de clasificación 333.7068
Número del ítem L35m
100 ## - ASIENTO PRINCIPAL--NOMBRE PERSONAL
Nombre personal Latorre, Emilio
9 (RLIN) 7859
245 ## - MENCION DE TITULO
Título Municipio y medio ambiente:
Parte restante del título guía para la planificación municipal
260 ## - PUBLICACION, DISTRIBUCION, ETC. (PIE DE IMPRENTA)
Lugar de publicación, distribución, etc. Bogotá
Nombre del editor, distribuidor, etc. FESCOL
-- Colegio Verde
-- CEREC
Fecha de publicación, distribución, etc. 1987
300 ## - DESCRIPCION FISICA
Extensión 206 páginas
Dimensiones 21 x 13 cm
650 14 - ASIENTO SECUNDARIO DE MATERIA - TERMINO TEMATICO
Término temático o nombre geográfico como elemento de entrada Medio ambiente
9 (RLIN) 92195
650 14 - ASIENTO SECUNDARIO DE MATERIA - TERMINO TEMATICO
Término temático o nombre geográfico como elemento de entrada Desarrollo sostenible
9 (RLIN) 278
650 14 - ASIENTO SECUNDARIO DE MATERIA - TERMINO TEMATICO
Término temático o nombre geográfico como elemento de entrada Plan de acción ambiental
9 (RLIN) 3886
650 14 - ASIENTO SECUNDARIO DE MATERIA - TERMINO TEMATICO
Término temático o nombre geográfico como elemento de entrada Comunidades
9 (RLIN) 83979
650 14 - ASIENTO SECUNDARIO DE MATERIA - TERMINO TEMATICO
Término temático o nombre geográfico como elemento de entrada Ordenamiento territorial
9 (RLIN) 83980
942 ## - ELEMENTOS ADICIONALES (KOHA)
Tipo de ítem Libro
Sistema de clasificación Dewey Decimal Classification
Existencias
Withdrawn status Lost status Sistema de Clasificación Damaged status No para préstamo Colección Inventariado Ubicación Permanente Ubicación actual Fecha de adquisición Fuente de Valor Valor Total Checkouts Número topográfico Inventario / Código de Barras Date last seen Ejemplar Price effective from Forma de adquisición Tipo de material
    Dewey Decimal Classification     General Inventariado 2017 Sala Fabio Quevedo Sala Fabio Quevedo 01/07/1998 Instituto 50000.00   LB-333.7086 L35m 000631 04/12/2012 Ej. 1 04/12/2012 Donación Libro
    Dewey Decimal Classification     General Inventariado 2017 Sala Fabio Quevedo Sala Fabio Quevedo 03/03/2004 Instituto 50000.00   LB-333.7086 L35m 015495 04/12/2012 Ej. 3 04/12/2012 Donación Libro